000 00978cab a2200265 4500
001 ABS53456
008 090401t1995 xxu||||| |||| 00| 0 eng d
035 _a(Sirsi) u4333
041 _aeng
245 _aHynes v Twinsectra Ltd
260 _c1995
350 _a0
490 _aEstates Gazette
_v(1995) 35 EG 136-140 (5)
520 _aCA 6 January 1995. Where an action for the forfeiture of a lease was dismissed the lease was restored to its full existence. Therefore the tenant (H) was eligible under the Leasehold Reform Act 1967 Part 1, to apply to acquire the freehold of the property. The appeal by the landlord (T) was dismissed.
650 _aENTITLEMENT
650 _aFORFEITURE
650 _aFREEHOLD
650 _aHYNES V TWINSECTRA LTD
650 _aLEASEHOLD ENFRANCHISEMENT
650 _aLEASEHOLD REFORM ACT 1967 PART 1
650 _aREPAIRS
690 _aLANDLORD AND TENANT-CASE LAW-RESIDENTIAL TENANCIES
942 _n0
948 _c04/03/1997
999 _c2600
_d2600